Chanteurs par lettre. I - Statistiques

Statistiques générales
  • Ce quiz a été pris 264 fois
  • Le résultat moyen est 5 sur 10
Statistiques - réponses
Chanteurs Chansons % Correct
Derniere danse / Tourner dans la vide Indila
93%
L'aventurier / Canarie Bay Indochine
92%
Je danse le Mia / Petit frère IAM
85%
Radioactive / Demons Imagine Dragons
75%
Subeme la radio / Bailando Enrique Iglesias
60%
Con la misma piedra / Me olvidé de vivr Julio Iglesias
59%
Petit génie / Jusqu'au bout Imen es
28%
Chocolat / Joli garçon Awa Imany
10%
My life is a party / Stamp on the ground Italobrother
9%
Barbie world / Deli Ice Spice
8%
Aucun quiz correspondant
Distribution des résultats
% des personnes avec chaque résultat
Percentile par nombre de réponses
Votre historique - résultats
Vous n’avez pas pris ce quiz